| 000 | 00824nam a2200241Ia 4500 | ||
|---|---|---|---|
| 003 | GCL | ||
| 005 | 20240530095510.0 | ||
| 008 | 140319s9999 xx 000 0 ara d | ||
| 040 |
_aGCL / _cGCL |
||
| 082 | 0 | 4 |
_a382.61962 _bق/ن ا |
| 100 | 1 | _aنيفين حسين شمت | |
| 245 | 1 | 0 |
_aاستراتيجية التصدير الزراعى المصرى فى افريقيا / _cنيفين حسين شمت |
| 250 | _aالاولى | ||
| 260 |
_aالقاهرة : _bمؤسسة الاهرام ، _c2005 |
||
| 300 |
_a61 ص ؛ _c24 سم |
||
| 490 |
_aكتاب الاهرام الاقتصادى _v217 |
||
| 650 | 0 | 4 | _aالتجارة الخارجية |
| 650 | 0 | 4 | _aالاستيراد |
| 650 | 0 | 4 | _aالتصدير |
| 650 | 0 | 4 | _aالاتفاقيات التجارية |
| 650 | 0 | 4 | _aالتسويق الدولى |
| 942 |
_2ddc _cBK |
||
| 999 |
_c7854 _d7854 |
||